000 00241nam a2200097Ia 4500
001 945487
005 20250826215423.0
008 250824s9999 xx 000 0 und d
245 0 _aANNELER GÜNÜ
_cİLHAN SOYTÜRK
260 _bAKVARYUM YAYINLARI
999 _c945487
_d945487